1903 1451 1432 1139 1703 1902 1210 1921 1745 1916 1993 2000 1256 1490 1589 1133 1227 1576 1524 1695 1535 1563 1924 1884 1377 1669 1744 1930 1380 1091 1395 1460 1810 1281 1752 1560 1572 1033 1606 1164 1716 1352 1501 1460 1703 1850 1777 1719 1346 1920 1977 1386 1602 1045 1335 1191 1041 1511 1826 1423 1523 1625 1582 1886 1345 1025 1284 1872 1831 1093 1125 1218 1829 1709 1701 1182 1404 1522 1152 1914 1212 1820 1351 1382 1608 1347 1761 1900 1294 1243 1741 1217 1233 1130 1147 1884 1983 1856 1395 BCNSPRNW ULIB Ver.6.0+V

เปลี่ยนเป็นภาษาไทย

Change to English
 แสดงรายละเอียดบรรณานุกรม
  กลับหน้าหลัก

Brief Record : Get Marc (ISO 2709) : E-mail record : QR code < ปิดหน้าต่าง
LEADER : 00000nam 2200000uu 4500
001    13399123612
003     ULIB
008    141017s2551||||th 000 0 tha d
020    ^a9789744516244
060 04 ^aWY16^bบ128
100 0  ^aสมจิต หนุเจริญกุล
245 00 ^aบทเรียนจากกรณีศึกษาเส้นทางสู่ความสำเร็จของพยาบาลเวชปฏิบัติ. /^cสมจิต หนุเจริญกุล
250    พิมพ์ครั้งที่ 2
260    ^aกรุงเทพฯ :^bสถาบันวิจัยและพัฒนาระบบสุขภาพชุมชน,^c2551
300    ^a116 หน้า ;^c21 ซม.
536    ^aได้รับทุนสนับสนุนจากสถาบันวิจัยและพัฒนาระบบสาธารณสุข
650  4 ^aพยาบาล^xวิจัย
650  4 ^aวิจัย
710 2  ^aสถาบันวิจัยและพัฒนาระบบสุขภาพชุมชน
945    ^p130^l0^i21532
945    ^p130^l0^i21533
945    ^p130^l0^i21534
945    ^p130^l0^i21535
945    ^p130^l0^i21536
945    ^p130^l0^i21537
945    ^p130^l0^i21538
945    ^p130^l0^i21539
945    ^p130^l0^i21540
945    ^p130^l0^i21541
995    ^aทศพร
999    ^aทศพร เกษรทอง
รายการนี้ยังไม่มีแท็ก
คุณยังไม่ได้ล็อกอิน คุณสามารถมีกิจกรรมร่วมกับเว็บไซต์ได้ แต่ต้องล็อกอินก่อน ::
  ล็อกอิน

รายการสื่อสารสนเทศ

ลำดับที่ ประเภท เลขเรียก/บาร์โค้ด สถานที่ สถานะ
1. Book การพยาบาล
หนังสือสำรอง
สถานะ=หนังสือสำรอง
WY16 บ128 ฉ.1 
  Barcode: 21532
ห้องสมุดวิทยาเขตนครสวรรค์
►ส่วนจัดเก็บหนังสือเก่า นว.
บนชั้น
  ขอยืม
2. Book การพยาบาล
Book การพยาบาล
WY16 บ128 ฉ.10 
  Barcode: 21541
ห้องสมุดวิทยาเขตนครสวรรค์
►ส่วนจัดเก็บหนังสือเก่า นว.
บนชั้น
  ขอยืม
3. Book การพยาบาล
Book การพยาบาล
WY16 บ128 ฉ.2 
  Barcode: 21533
ห้องสมุดวิทยาเขตนครสวรรค์
►ส่วนจัดเก็บหนังสือเก่า นว.
บนชั้น
  ขอยืม
4. Book การพยาบาล
Book การพยาบาล
WY16 บ128 ฉ.3 
  Barcode: 21534
ห้องสมุดวิทยาเขตนครสวรรค์
►ส่วนจัดเก็บหนังสือเก่า นว.
บนชั้น
  ขอยืม
5. Book การพยาบาล
Book การพยาบาล
WY16 บ128 ฉ.4 
  Barcode: 21535
ห้องสมุดวิทยาเขตนครสวรรค์
►ส่วนจัดเก็บหนังสือเก่า นว.
บนชั้น
  ขอยืม
6. Book การพยาบาล
Book การพยาบาล
WY16 บ128 ฉ.5 
  Barcode: 21536
ห้องสมุดวิทยาเขตนครสวรรค์
►ส่วนจัดเก็บหนังสือเก่า นว.
บนชั้น
  ขอยืม
7. Book การพยาบาล
Book การพยาบาล
WY16 บ128 ฉ.6 
  Barcode: 21537
ห้องสมุดวิทยาเขตนครสวรรค์
►ส่วนจัดเก็บหนังสือเก่า นว.
บนชั้น
  ขอยืม
8. Book การพยาบาล
Book การพยาบาล
WY16 บ128 ฉ.7 
  Barcode: 21538
ห้องสมุดวิทยาเขตนครสวรรค์
►ส่วนจัดเก็บหนังสือเก่า นว.
บนชั้น
  ขอยืม
9. Book การพยาบาล
Book การพยาบาล
WY16 บ128 ฉ.8 
  Barcode: 21539
ห้องสมุดวิทยาเขตนครสวรรค์
►ส่วนจัดเก็บหนังสือเก่า นว.
บนชั้น
  ขอยืม
10. Book การพยาบาล
Book การพยาบาล
WY16 บ128 ฉ.9 
  Barcode: 21540
ห้องสมุดวิทยาเขตนครสวรรค์
►ส่วนจัดเก็บหนังสือเก่า นว.
บนชั้น
  ขอยืม

รายการใกล้เคียง
    ผู้แต่ง [สมจิต หนุเจริญกุล]

    หัวเรื่อง [วิจัย]

BibComment


ยังไม่เคยถูกคอมเมนท์

คอมเมนท์ทรัพยากรรายการนี้
  คอมเมนท์: บทเรียนจากกรณีศึ..


 Copyright 2026. Bcnsprnw @Library